A Sociolinguistic Study of Wakhi Language of Nothern Pakistan (Record no. 30366)
[ view plain ]
| 000 -LEADER | |
|---|---|
| fixed length control field | 00527 a2200145 4500 |
| 020 ## - INTERNATIONAL STANDARD BOOK NUMBER | |
| International Standard Book Number | 978-969-8535-23-0 |
| 082 ## - DEWEY DECIMAL CLASSIFICATION NUMBER | |
| Classification number | 954.9122 |
| 090 ## - LOCALLY ASSIGNED LC-TYPE CALL NUMBER (OCLC); LOCAL CALL NUMBER (RLIN) | |
| -- | 1759 |
| -- | 1759 |
| 100 ## - MAIN ENTRY--PERSONAL NAME | |
| Personal name | Dr. Nadeem Shafiq Malik |
| 245 ## - TITLE STATEMENT | |
| Title | A Sociolinguistic Study of Wakhi Language of Nothern Pakistan |
| Statement of responsibility, etc. | Dr. Nadeem Shafiq Malik |
| 260 ## - PUBLICATION, DISTRIBUTION, ETC. | |
| Place of publication, distribution, etc. | Islamabad |
| Name of publisher, distributor, etc. | NUST Publishing |
| Date of publication, distribution, etc. | 2014 |
| 300 ## - PHYSICAL DESCRIPTION | |
| Extent | 222p |
| 942 ## - ADDED ENTRY ELEMENTS (KOHA) | |
| Institution code [OBSOLETE] | SNS |
| Koha item type | Book |
| Call number prefix | 954.9122 NAD |
| Withdrawn status | Lost status | Damaged status | Not for loan | Permanent Location | Current Location | Date acquired | Total Checkouts | Full call number | Barcode | Date last seen | Price effective from | Koha item type |
|---|---|---|---|---|---|---|---|---|---|---|---|---|
| School of Natural Sciences (SNS) | School of Natural Sciences (SNS) | 05/26/2016 | 954.9122 NAD | SNS0002163 | 05/26/2016 | 05/26/2016 | Book |
